[Event "V Festival Magistrale"]
[Site "Catania ITA"]
[Date "1994.08.12"]
[Round "7"]
[White "Sale, Srdjan"]
[Black "Szekely, Peter"]
[Result "1/2-1/2"]
[WhiteElo "2405"]
[BlackElo "2490"]
[PlyCount "37"]
[EventDate "1994.08.06"]

1. e4 c5 2. Nc3 d6 3. g3 Nc6 4. Bg2 g6 5. d3 Bg7 6. f4 f5 7. Nf3 Nf6 8. O-O O-O
9. Kh1 Kh8 10. Be3 Be6 11. Bg1 Qd7 12. Ng5 Bg8 13. a3 b6 14. Qd2 Rae8 15. Rae1
e5 16. Nd5 exf4 17. gxf4 Nd4 18. c3 Ne6 19. Nxe6 1/2-1/2

[Event "V Festival Magistrale"]
[Site "Catania ITA"]
[Date "1994.08.12"]
[Round "7"]
[White "Sarno, Spartaco"]
[Black "Forintos, Gyozo Victor"]
[Result "0-1"]
[WhiteElo "2390"]
[BlackElo "2450"]
[PlyCount "64"]
[EventDate "1994.08.06"]

1. c4 c5 2. Nc3 Nc6 3. Nf3 Nd4 4. Ng1 Nc6 5. e3 e6 6. Nf3 Nf6 7. a3 d5 8. d4 a6
9. dxc5 Bxc5 10. b4 Ba7 11. Bb2 O-O 12. Qc2 Qe7 13. Bd3 dxc4 14. Bxc4 b5 15.
Bd3 Bb7 16. O-O Rac8 17. Rad1 Bb8 18. Ng5 h6 19. Nh7 Nxh7 20. Bxh7+ Kh8 21. f4
Ba7 22. Rf3 Nxb4 23. axb4 Bxf3 24. gxf3 Bxe3+ 25. Kh1 Qxb4 26. Be4 Bxf4 27. Bb7
Rc5 28. Rg1 Be5 29. Ne4 Rxc2 30. Bxe5 f6 31. Bd6 Qb2 32. Bg3 f5 0-1

[Event "V Festival Magistrale"]
[Site "Catania ITA"]
[Date "1994.08.12"]
[Round "7"]
[White "Sedina, Elena"]
[Black "Ortega, Lexy"]
[Result "1-0"]
[WhiteElo "2335"]
[BlackElo "2450"]
[PlyCount "85"]
[EventDate "1994.08.06"]

1. e4 c5 2. Nf3 d6 3. c3 Nf6 4. Be2 g6 5. O-O Bg7 6. Re1 O-O 7. Bf1 Bg4 8. d3
Bxf3 9. Qxf3 Nc6 10. Be3 Nd7 11. a4 f5 12. exf5 Rxf5 13. Qe2 d5 14. g3 d4 15.
Bf4 dxc3 16. bxc3 Nde5 17. Nd2 Kh8 18. Ne4 Qf8 19. Bg2 b6 20. Ng5 Qf6 21. a5
Rf8 22. axb6 axb6 23. h4 h6 24. Ne4 Qf7 25. Bxe5 Bxe5 26. f4 Bc7 27. Nd2 e5 28.
Bxc6 exf4 29. g4 Re5 30. Qf3 Qf6 31. Rxe5 Bxe5 32. Kg2 Bxc3 33. Ra8 Bd4 34. Ne4
Qe7 35. Qxf4 Rxa8 36. Bxa8 Kg7 37. h5 Qa7 38. hxg6 Kxg6 39. Qf5+ Kg7 40. Ng3 c4
41. Nh5+ Kh8 42. Qf8+ Kh7 43. Be4# 1-0

[Event "V Festival Magistrale"]
[Site "Catania ITA"]
[Date "1994.08.12"]
[Round "7"]
[White "Urday Caceres, Henry"]
[Black "Levitt, Jonathan Paul"]
[Result "1/2-1/2"]
[WhiteElo "2470"]
[BlackElo "2425"]
[PlyCount "69"]
[EventDate "1994.08.06"]

1. c4 f5 2. Nc3 Nf6 3. g3 e5 4. Bg2 d6 5. Nf3 g6 6. d4 e4 7. Ng5 Bg7 8. O-O O-O
9. f3 exf3 10. exf3 h6 11. Nh3 Be6 12. d5 Bf7 13. Re1 Nbd7 14. Be3 Re8 15. Qd2
Kh7 16. Bd4 a6 17. Nf4 Ne5 18. b3 Qd7 19. a4 Re7 20. Re2 Rae8 21. Rae1 g5 22.
Nd3 Nxd3 23. Qxd3 Bg6 24. Qd2 Nh5 25. Bxg7 Rxe2 26. Rxe2 Qxg7 27. Rxe8 Bxe8 28.
Bf1 Qe5 29. Ne2 f4 30. Kf2 Bd7 31. Qd4 Qxd4+ 32. Nxd4 Kg6 33. g4 Ng7 34. Ke2 a5
35. Kd2 1/2-1/2

[Event "V Festival Magistrale"]
[Site "Catania ITA"]
[Date "1994.08.12"]
[Round "7"]
[White "Zueger, Beat"]
[Black "Naumkin, Igor"]
[Result "1-0"]
[WhiteElo "2420"]
[BlackElo "2475"]
[PlyCount "79"]
[EventDate "1994.08.06"]

1. c4 e5 2. Nc3 Nf6 3. Nf3 Nc6 4. g3 Bb4 5. Nd5 e4 6. Nh4 d6 7. Bg2 Bc5 8. O-O
Be6 9. d3 Nxd5 10. cxd5 Bxd5 11. Nf5 O-O 12. d4 Bb6 13. Ne3 Qg5 14. h4 Qh5 15.
g4 Qxh4 16. Nxd5 Bxd4 17. Bf4 Be5 18. e3 f5 19. Nxc7 Rac8 20. Ne6 Rf6 21. Qb3
Qxg4 22. Ng5+ Kh8 23. Qxb7 Rcf8 24. Qxc6 Bxf4 25. exf4 Qxf4 26. Nxe4 fxe4 27.
Qxe4 Qd2 28. Qe3 Qxb2 29. Qxa7 Qe2 30. Rab1 Rg6 31. Rb3 Qe5 32. Rg3 Rh6 33. Qe3
Qb2 34. a3 Rhf6 35. Rf3 Rxf3 36. Bxf3 h6 37. Rd1 Qf6 38. Bg2 Qg6 39. Qd3 Qf6
40. Qd4 1-0

[Event "V Festival Magistrale"]
[Site "Catania ITA"]
[Date "1994.08.13"]
[Round "8"]
[White "Caruso, Augusto"]
[Black "Agnello, Giuseppe"]
[Result "1/2-1/2"]
[WhiteElo "2245"]
[BlackElo "2195"]
[PlyCount "66"]
[EventDate "1994.08.06"]

1. e4 c5 2. Nf3 d6 3. d4 cxd4 4. Nxd4 Nf6 5. Nc3 g6 6. Be3 Bg7 7. f3 Nc6 8. Qd2
O-O 9. Bc4 Bd7 10. O-O-O Rc8 11. Bb3 Ne5 12. h4 Nc4 13. Bxc4 Rxc4 14. Nde2 Qa5
15. h5 Nxh5 16. g4 Ng3 17. Bh6 Nxe2+ 18. Qxe2 Bxh6+ 19. Rxh6 Rxc3 20. bxc3 Qxc3
21. Qd3 Rc8 22. Qxc3 Rxc3 23. Rd3 Rc5 24. Rd2 Rc3 25. Rf2 Kg7 26. g5 Rc5 27. f4
Bg4 28. Rh4 Bh5 29. f5 f6 30. gxf6+ Kxf6 31. fxg6+ Kxg6 32. Rfh2 Re5 33. Kd2
Bf3 1/2-1/2

[Event "V Festival Magistrale"]
[Site "Catania ITA"]
[Date "1994.08.13"]
[Round "8"]
[White "Forintos, Gyozo Victor"]
[Black "Szekely, Peter"]
[Result "1/2-1/2"]
[WhiteElo "2450"]
[BlackElo "2490"]
[PlyCount "26"]
[EventDate "1994.08.06"]

1. g3 g6 2. Bg2 Bg7 3. c4 c5 4. Nc3 Nc6 5. e3 e6 6. Nge2 Nge7 7. d4 cxd4 8.
Nxd4 d5 9. cxd5 Nxd4 10. exd4 Nxd5 11. O-O O-O 12. Nxd5 exd5 13. Qb3 Be6
1/2-1/2

[Event "V Festival Magistrale"]
[Site "Catania ITA"]
[Date "1994.08.13"]
[Round "8"]
[White "Godena, Michele"]
[Black "Sarno, Spartaco"]
[Result "1/2-1/2"]
[WhiteElo "2485"]
[BlackElo "2390"]
[PlyCount "65"]
[EventDate "1994.08.06"]

1. e4 d6 2. d4 Nf6 3. Nc3 g6 4. g3 Bg7 5. Bg2 O-O 6. Nge2 e5 7. h3 Nc6 8. Be3
exd4 9. Nxd4 Bd7 10. Nde2 Re8 11. O-O a6 12. a4 b5 13. axb5 axb5 14. Rxa8 Qxa8
15. Nxb5 Qc8 16. Nf4 Qb8 17. c4 Ne5 18. b3 Bxb5 19. cxb5 Qxb5 20. Qc2 Re7 21.
Ra1 c5 22. Rd1 Qb8 23. Nd3 Nc6 24. e5 Nxe5 25. Nxe5 Rxe5 26. Bf4 Re6 27. Qxc5
Qxb3 28. Rxd6 h5 29. Rxe6 Qxe6 30. Kh2 Kh7 31. Qa7 Bh6 32. Bxh6 Kxh6 33. Qd4
1/2-1/2

[Event "V Festival Magistrale"]
[Site "Catania ITA"]
[Date "1994.08.13"]
[Round "8"]
[White "Gueci, Riccardo"]
[Black "Genovese, Maurizio"]
[Result "1/2-1/2"]
[WhiteElo "2205"]
[BlackElo "2250"]
[PlyCount "64"]
[EventDate "1994.08.06"]

1. e4 e5 2. Nf3 Nc6 3. Be2 Nf6 4. d3 d5 5. Nbd2 Bc5 6. c3 O-O 7. b4 Bb6 8. b5
Na5 9. Qc2 dxe4 10. dxe4 Nh5 11. O-O Qf6 12. Nb3 Nf4 13. Bxf4 Qxf4 14. c4 c6
15. c5 Bc7 16. Nxa5 Bxa5 17. bxc6 b6 18. cxb6 Bxb6 19. Bc4 Bg4 20. Nd2 Rad8 21.
Bd5 Rd6 22. Qd3 Rg6 23. Rab1 Qh6 24. Rb3 Qh5 25. Re1 Qg5 26. Nf1 Bd1 27. g3
Bxb3 28. axb3 h5 29. Ne3 h4 30. Kg2 hxg3 31. hxg3 Rh6 32. Kg1 g6 1/2-1/2

[Event "V Festival Magistrale"]
[Site "Catania ITA"]
[Date "1994.08.13"]
[Round "8"]
[White "Lagumina, Giulio"]
[Black "Fabiano, Giuseppe"]
[Result "0-1"]
[WhiteElo "2290"]
[BlackElo "2210"]
[PlyCount "67"]
[EventDate "1994.08.06"]

1. e4 c5 2. Nf3 d6 3. d4 cxd4 4. Qxd4 a6 5. Be3 Nc6 6. Qd2 Nf6 7. Nc3 e6 8.
O-O-O Qc7 9. Bf4 e5 10. Bg5 Be6 11. Nd5 Bxd5 12. exd5 Ne7 13. Bxf6 gxf6 14. Kb1
Rc8 15. Bd3 f5 16. Nh4 e4 17. Be2 Bg7 18. c4 Qb6 19. f3 Bf6 20. g3 Bxh4 21.
gxh4 Rg8 22. fxe4 fxe4 23. Qf4 f5 24. Bf1 Qb4 25. Bh3 Rxc4 26. Rhg1 Rf8 27. Rg7
Rc7 28. Bxf5 Nxd5 29. Qh6 Rxg7 30. Qxg7 Rxf5 31. Qg8+ Ke7 32. a3 Qc4 33. Qxh7+
Rf7 34. Qg6 0-1

[Event "V Festival Magistrale"]
[Site "Catania ITA"]
[Date "1994.08.13"]
[Round "8"]
[White "Levitt, Jonathan Paul"]
[Black "Pantaleoni, Claudio"]
[Result "1-0"]
[WhiteElo "2425"]
[BlackElo "2225"]
[PlyCount "69"]
[EventDate "1994.08.06"]

1. d4 Nf6 2. c4 d6 3. Nc3 g6 4. e4 Bg7 5. f3 O-O 6. Be3 b6 7. Bd3 Na6 8. Nge2
c5 9. O-O Nb4 10. Bb1 Nc6 11. d5 Ne5 12. b3 e6 13. a4 exd5 14. cxd5 a6 15. Ra2
h5 16. Bg5 Qe8 17. h3 Nh7 18. Bc1 f5 19. exf5 gxf5 20. Nf4 Ra7 21. Re2 Re7 22.
Rfe1 Ng5 23. Kh1 Rf6 24. Ne6 Nh7 25. Nxg7 Kxg7 26. f4 Ng6 27. Rxe7+ Nxe7 28.
Qe2 Kf8 29. Bd3 a5 30. Bb2 Rh6 31. Nb5 Qd8 32. Bg7+ Kxg7 33. Qxe7+ Qxe7 34.
Rxe7+ Kf8 35. Ra7 1-0

[Event "V Festival Magistrale"]
[Site "Catania ITA"]
[Date "1994.08.13"]
[Round "8"]
[White "Maksimenko, Andrei"]
[Black "Sax, Gyula"]
[Result "1/2-1/2"]
[WhiteElo "2525"]
[BlackElo "2530"]
[PlyCount "33"]
[EventDate "1994.08.06"]

1. e4 c5 2. c3 d5 3. exd5 Qxd5 4. Nf3 Nf6 5. d4 e6 6. Be2 Be7 7. O-O cxd4 8.
cxd4 Nc6 9. Nc3 Qd6 10. Nb5 Qd8 11. Bf4 Nd5 12. Bg3 O-O 13. Bc4 a6 14. Bxd5
axb5 15. Bb3 Bf6 16. Be5 Bd7 17. Qe2 1/2-1/2

[Event "V Festival Magistrale"]
[Site "Catania ITA"]
[Date "1994.08.13"]
[Round "8"]
[White "Marinelli, Tullio"]
[Black "Arlandi, Ennio"]
[Result "1/2-1/2"]
[WhiteElo "2375"]
[BlackElo "2425"]
[PlyCount "49"]
[EventDate "1994.08.06"]

1. d4 d5 2. c4 e6 3. Nc3 Be7 4. Nf3 Nf6 5. Bg5 O-O 6. e3 h6 7. Bh4 Ne4 8. Bxe7
Qxe7 9. Rc1 c6 10. Bd3 Nxc3 11. Rxc3 dxc4 12. Bxc4 Nd7 13. O-O e5 14. e4 exd4
15. Qxd4 Nb6 16. Nd2 Rd8 17. Qe3 Nxc4 18. Nxc4 Be6 19. e5 Bxc4 20. Rxc4 Qd7 21.
h3 Qd2 22. e6 Qxe3 23. exf7+ Kxf7 24. fxe3+ Kg8 25. Rc2 1/2-1/2

[Event "V Festival Magistrale"]
[Site "Catania ITA"]
[Date "1994.08.13"]
[Round "8"]
[White "Parrella, Alfredo"]
[Black "Urday Caceres, Henry"]
[Result "0-1"]
[WhiteElo "2210"]
[BlackElo "2470"]
[PlyCount "59"]
[EventDate "1994.08.06"]

1. Nf3 c5 2. c4 Nc6 3. g3 g6 4. Bg2 Bg7 5. Nc3 e5 6. d3 Nge7 7. O-O O-O 8. Bd2
a6 9. a3 Rb8 10. Qa4 d6 11. Rab1 Bd7 12. Qc2 b5 13. b3 h6 14. Ne4 Be6 15. Bc3
f5 16. Ned2 Qd7 17. Ba1 g5 18. Ne1 Rbc8 19. Qd1 d5 20. cxd5 Bxd5 21. Bxd5+ Qxd5
22. Ng2 Rfd8 23. Ne3 Qd7 24. Nf3 Qe6 25. Qe1 Nd4 26. Bxd4 cxd4 27. Ng2 e4 28.
Nd2 Nd5 29. Rc1 Nc3 30. b4 0-1

[Event "V Festival Magistrale"]
[Site "Catania ITA"]
[Date "1994.08.13"]
[Round "8"]
[White "Petursson, Margeir"]
[Black "Rausis, Igors"]
[Result "1/2-1/2"]
[WhiteElo "2540"]
[BlackElo "2485"]
[PlyCount "82"]
[EventDate "1994.08.06"]

1. d4 d5 2. c4 Bf5 3. Nc3 e6 4. Nf3 c6 5. Bf4 Bd6 6. Bxd6 Qxd6 7. e3 Nf6 8. Qb3
Qc7 9. Be2 O-O 10. O-O Nbd7 11. Rac1 Qb6 12. Qa3 Bg4 13. b3 Ne4 14. Qb2 f5 15.
Nxe4 fxe4 16. Ne1 Bxe2 17. Qxe2 Rf5 18. f4 Raf8 19. g4 R5f7 20. Ng2 h6 21. Nh4
Rf6 22. f5 exf5 23. gxf5 Qd8 24. Qg4 R6f7 25. cxd5 Nf6 26. Qh3 Nxd5 27. Rce1
Qg5+ 28. Kh1 Ne7 29. Rg1 Qh5 30. Qg4 Qxg4 31. Rxg4 Nxf5 32. Nxf5 Rxf5 33. Reg1
R8f7 34. Rxe4 Rf2 35. Re8+ Rf8 36. Re7 R8f7 37. Re8+ Kh7 38. Rg2 Rf1+ 39. Rg1
R1f2 40. Rg2 Rf1+ 41. Rg1 R1f2 1/2-1/2

[Event "V Festival Magistrale"]
[Site "Catania ITA"]
[Date "1994.08.13"]
[Round "8"]
[White "Stassi, Emilio"]
[Black "Farina, Saverio"]
[Result "1/2-1/2"]
[WhiteElo "2150"]
[BlackElo "2100"]
[PlyCount "82"]
[EventDate "1994.08.06"]

1. d4 d5 2. c4 e6 3. Nc3 c5 4. cxd5 exd5 5. Nf3 Nc6 6. g3 Nf6 7. Bg2 Be7 8. O-O
O-O 9. dxc5 Bxc5 10. Bg5 Be6 11. Rc1 Be7 12. Nd4 h6 13. Be3 Qd7 14. Re1 Ng4 15.
Qd2 Nxe3 16. Qxe3 Bc5 17. Ncb5 Bb6 18. Qf4 a6 19. Nxc6 bxc6 20. Nc3 Rab8 21. b3
Qe7 22. Red1 Ba7 23. e3 Rb4 24. e4 dxe4 25. Nxe4 Bd5 26. Re1 Qb7 27. Qf5 Be6
28. Qf3 Bd5 29. Qf5 Rb5 30. Nd6 Be6 31. Qf4 Bb8 32. Nxb7 Bxf4 33. gxf4 Rxb7 34.
Rxc6 Ra7 35. Be4 Rd8 36. Re2 g6 37. f3 Kg7 38. Kf2 a5 39. Bc2 Rd5 40. Be4 Rh5
41. Ke3 Rd7 1/2-1/2

[Event "V Festival Magistrale"]
[Site "Catania ITA"]
[Date "1994.08.13"]
[Round "8"]
[White "Zueger, Beat"]
[Black "D'Amore, Carlo"]
[Result "1/2-1/2"]
[WhiteElo "2420"]
[BlackElo "2420"]
[PlyCount "98"]
[EventDate "1994.08.06"]

1. c4 g6 2. g3 Bg7 3. Bg2 c5 4. Nc3 Nc6 5. Rb1 d6 6. d3 e5 7. a3 a5 8. Nf3 Nge7
9. O-O h6 10. Bd2 O-O 11. Ne1 f5 12. Nc2 a4 13. Ne3 Nd4 14. Ned5 Nxd5 15. Bxd5+
Kh7 16. Be3 Nc6 17. Bd2 Nd4 18. Be3 Nc6 19. Bd2 f4 20. e3 Bh3 21. Re1 fxg3 22.
fxg3 e4 23. Bxe4 Ne5 24. Nd5 Bg4 25. Qc2 Nf3+ 26. Bxf3 Bxf3 27. e4 h5 28. Bc3
h4 29. Bxg7 Kxg7 30. Qc3+ Kg8 31. Qd2 b6 32. Rf1 hxg3 33. hxg3 Ra7 34. Nf4 Bg4
35. Nxg6 Rf6 36. Nh4 Rg7 37. Kh2 Qf8 38. Qg2 Rgf7 39. Rxf6 Rxf6 40. Kg1 Qh6 41.
Rf1 Qe3+ 42. Kh2 Rxf1 43. Qxf1 Qd2+ 44. Kg1 Qxb2 45. Nf5 Bxf5 46. Qxf5 Qxa3 47.
Qg6+ Kh8 48. Qh5+ Kg8 49. Qg6+ Kh8 1/2-1/2

[Event "V Festival Magistrale"]
[Site "Catania ITA"]
[Date "1994.08.14"]
[Round "9"]
[White "Arlandi, Ennio"]
[Black "Contin, Daniel"]
[Result "1-0"]
[WhiteElo "2425"]
[BlackElo "2425"]
[PlyCount "85"]
[EventDate "1994.08.06"]

1. d4 Nf6 2. c4 e6 3. Nc3 Bb4 4. Qc2 O-O 5. a3 Bxc3+ 6. Qxc3 b6 7. Bg5 c5 8.
dxc5 bxc5 9. e3 Nc6 10. Bd3 Qa5 11. Ne2 Rb8 12. Bxf6 gxf6 13. O-O-O Kg7 14. Qc2
Rd8 15. Ng3 Kf8 16. Ne4 Ke7 17. f4 f5 18. Nc3 Ba6 19. Qf2 Rb3 20. Nb5 d5 21.
Bc2 Rxb5 22. cxb5 Qxb5 23. Qh4+ f6 24. Qxh7+ Kd6 25. Qf7 Rb8 26. Qxf6 d4 27. b4
Kc7 28. Qf7+ Kd6 29. exd4 cxd4 30. Bb3 Bc8 31. Rhe1 a5 32. Rd2 axb4 33. a4 Qb6
34. Bxe6 b3 35. Bxc8 Rxc8 36. Re6+ Kc5 37. Qxf5+ Kb4 38. Kb2 Kxa4 39. Rd1 Kb4
40. Qd5 Qb5 41. Qxb3+ Kc5 42. Qxb5+ Kxb5 43. Rxc6 1-0

[Event "V Festival Magistrale"]
[Site "Catania ITA"]
[Date "1994.08.14"]
[Round "9"]
[White "De La Rocha Prieto, Ramon"]
[Black "Gueci, Riccardo"]
[Result "1/2-1/2"]
[WhiteElo "2340"]
[BlackElo "2205"]
[PlyCount "120"]
[EventDate "1994.08.06"]

1. d4 Nf6 2. Nf3 g6 3. c4 Bg7 4. g3 O-O 5. Bg2 d6 6. O-O Nbd7 7. Nc3 e5 8. e4
c6 9. h3 exd4 10. Nxd4 Nc5 11. Rb1 Re8 12. Re1 a5 13. b3 Nfd7 14. Be3 Na6 15.
Re2 Ndc5 16. Rd2 Qe7 17. a3 Nc7 18. b4 axb4 19. axb4 N5e6 20. Nde2 Ra3 21. Rb3
Rxb3 22. Qxb3 Rd8 23. Qa3 Ng5 24. h4 Nge6 25. Bb6 Rf8 26. b5 Ne8 27. e5 Bxe5
28. bxc6 bxc6 29. Bxc6 N6g7 30. Nd5 Qe6 31. f4 Bf6 32. Nxf6+ Qxf6 33. Bd4 Qe6
34. Bd5 Qg4 35. Bb2 Be6 36. Bf3 Qh3 37. Qc3 f6 38. Bg2 Qf5 39. Ba3 Qb1+ 40. Kh2
Nf5 41. Nd4 Nxd4 42. Rxd4 Qa2 43. Bb2 Qa6 44. Re4 Bf7 45. g4 Qc8 46. Bf3 Qc5
47. Kh3 Kg7 48. g5 Qf5+ 49. Kg3 Be6 50. Kf2 Qh3 51. h5 gxh5 52. Qe3 Qh4+ 53.
Kf1 Qh3+ 54. Ke1 Qg3+ 55. Kd2 Qh2+ 56. Kc1 Bf5 57. Re7+ Rf7 58. Bd1 Bd7 59.
Rxd7 Rxd7 60. Qxe8 Qxf4+ 1/2-1/2

[Event "V Festival Magistrale"]
[Site "Catania ITA"]
[Date "1994.08.14"]
[Round "9"]
[White "Fabiano, Giuseppe"]
[Black "Godena, Michele"]
[Result "1-0"]
[WhiteElo "2210"]
[BlackElo "2485"]
[PlyCount "73"]
[EventDate "1994.08.06"]

1. c4 e6 2. Nf3 d5 3. e3 Nf6 4. Be2 c5 5. O-O d4 6. d3 Nc6 7. exd4 cxd4 8. Bg5
Be7 9. Nbd2 O-O 10. a3 a5 11. Rb1 a4 12. Re1 Nd7 13. Bxe7 Qxe7 14. Bf1 f5 15.
Qe2 e5 16. g3 Re8 17. Bg2 g5 18. b4 axb3 19. Nxb3 h6 20. h4 g4 21. Nfd2 Rxa3
22. Bxc6 bxc6 23. Nxd4 Qf6 24. N2b3 Ra8 25. Qe3 Rf8 26. Nc2 f4 27. gxf4 exf4
28. Qe7 Qxe7 29. Rxe7 Rf7 30. Rxf7 Kxf7 31. Nbd4 Ne5 32. Rb6 Bd7 33. c5 Kf6 34.
Nb4 Ra1+ 35. Kg2 Rd1 36. Ndxc6 Nxc6 37. Nxc6 1-0

[Event "V Festival Magistrale"]
[Site "Catania ITA"]
[Date "1994.08.14"]
[Round "9"]
[White "Farina, Saverio"]
[Black "Caruso, Augusto"]
[Result "0-1"]
[WhiteElo "2100"]
[BlackElo "2245"]
[PlyCount "67"]
[EventDate "1994.08.06"]

1. d4 Nf6 2. c4 e6 3. Nc3 d5 4. Nf3 c5 5. e3 Nc6 6. a3 cxd4 7. exd4 Be7 8. Bd3
O-O 9. O-O Re8 10. Re1 dxc4 11. Bxc4 Nd5 12. Ne4 Qb6 13. Nfg5 h6 14. Nxf7 Kxf7
15. Qh5+ g6 16. Qxh6 Qxd4 17. Bxd5 exd5 18. Bd2 Qg7 19. Qf4+ Kg8 20. Ng5 Rf8
21. Qg3 Bc5 22. Nf3 Bf5 23. Qh4 Be7 24. Ng5 Rae8 25. Rad1 Bf6 26. Be3 Re4 27.
Bf4 Rfe8 28. Rxe4 Rxe4 29. f3 Re2 30. g4 Nd4 31. Qh3 Qe7 32. Kf1 Bxg5 33. Bxg5
Qxg5 34. gxf5 0-1

[Event "V Festival Magistrale"]
[Site "Catania ITA"]
[Date "1994.08.14"]
[Round "9"]
[White "Mantovani, Renzo"]
[Black "Genovese, Maurizio"]
[Result "1-0"]
[WhiteElo "2365"]
[BlackElo "2250"]
[PlyCount "49"]
[EventDate "1994.08.06"]

1. d4 d5 2. Nf3 Nf6 3. c4 e6 4. Nc3 Be7 5. Bg5 h6 6. Bh4 O-O 7. e3 b6 8. Rc1
Nbd7 9. cxd5 exd5 10. Qa4 Bb7 11. Ba6 Bxa6 12. Qxa6 c5 13. O-O Qc8 14. Qa4 Qb7
15. Rfd1 Rfe8 16. Ne5 a6 17. Nxd7 Nxd7 18. Bxe7 Rxe7 19. Qa3 b5 20. dxc5 b4 21.
c6 Qb8 22. Qb3 Nc5 23. Qxd5 Re5 24. c7 Qe8 25. Qxa8 1-0

[Event "V Festival Magistrale"]
[Site "Catania ITA"]
[Date "1994.08.14"]
[Round "9"]
[White "Pantaleoni, Claudio"]
[Black "Naumkin, Igor"]
[Result "0-1"]
[WhiteElo "2225"]
[BlackElo "2475"]
[PlyCount "74"]
[EventDate "1994.08.06"]

1. d4 e6 2. Nf3 f5 3. g3 Nf6 4. Bg2 Be7 5. O-O O-O 6. c4 d6 7. Nc3 a5 8. b3 Qe8
9. Qc2 Nc6 10. Bb2 Qh5 11. a3 Bd8 12. d5 Ne5 13. Nd4 f4 14. Qd2 fxg3 15. fxg3
exd5 16. Nxd5 c6 17. Nf4 Qh6 18. Rad1 Bb6 19. Nd3 Qh5 20. Nf4 Qe8 21. Kh1 a4
22. Nde6 Bxe6 23. Qxd6 Bxc4 24. bxc4 Nxc4 25. Qb4 Nxb2 26. Qxb2 Ra6 27. Rd6 Ng4
28. h3 Ne3 29. Re6 Qf7 30. Rf3 Nf5 31. Re4 Bf2 32. Kh2 Rb6 33. Qe5 Rb5 34. Qa1
Bxg3+ 35. Rxg3 Nxg3 36. Kxg3 Qc7 37. Qa2+ Rb3+ 0-1

[Event "V Festival Magistrale"]
[Site "Catania ITA"]
[Date "1994.08.14"]
[Round "9"]
[White "Petursson, Margeir"]
[Black "Zueger, Beat"]
[Result "1/2-1/2"]
[WhiteElo "2540"]
[BlackElo "2420"]
[PlyCount "29"]
[EventDate "1994.08.06"]

1. d4 Nf6 2. c4 g6 3. Nc3 Bg7 4. e4 d6 5. Be2 O-O 6. Bg5 c5 7. d5 h6 8. Bf4 e6
9. dxe6 Bxe6 10. Qd2 Qb6 11. Bxh6 Bxh6 12. Qxh6 Qxb2 13. Rc1 Nc6 14. h4 Nb4 15.
Qd2 1/2-1/2

[Event "V Festival Magistrale"]
[Site "Catania ITA"]
[Date "1994.08.14"]
[Round "9"]
[White "Sale, Srdjan"]
[Black "D'Amore, Carlo"]
[Result "0-1"]
[WhiteElo "2405"]
[BlackElo "2420"]
[PlyCount "92"]
[EventDate "1994.08.06"]

1. d4 g6 2. e4 Bg7 3. c3 d6 4. Bg5 c6 5. Nd2 Qc7 6. Ngf3 Nd7 7. Be2 Ngf6 8. O-O
O-O 9. Re1 e5 10. Bf1 Nb6 11. h3 Re8 12. Qc2 a5 13. a4 Be6 14. Be3 Nfd7 15. Ng5
h6 16. Nxe6 Rxe6 17. Qb3 exd4 18. cxd4 Rae8 19. Rac1 Qd8 20. Red1 R6e7 21. d5
cxd5 22. exd5 Rxe3 23. fxe3 Qg5 24. e4 Bd4+ 25. Kh1 Be3 26. Nf3 Qf4 27. Rc7 Nf6
28. Re1 Bf2 29. Re2 Nxe4 30. Rxe4 Rxe4 31. Rxb7 Qc1 32. Qd3 Rb4 33. b3 Rf4 34.
Qe2 Be3 35. g3 Rf6 36. Kg2 Kg7 37. Qe1 Qxe1 38. Nxe1 Rf2+ 39. Kg1 Re2+ 40. Kh1
Rxe1 41. Kg2 Rb1 42. Bb5 Bc5 43. Be8 Rb2+ 44. Kf1 Rf2+ 45. Ke1 Nxd5 46. b4 Nxb4
0-1

[Event "V Festival Magistrale"]
[Site "Catania ITA"]
[Date "1994.08.14"]
[Round "9"]
[White "Sax, Gyula"]
[Black "Forintos, Gyozo Victor"]
[Result "1/2-1/2"]
[WhiteElo "2530"]
[BlackElo "2450"]
[PlyCount "21"]
[EventDate "1994.08.06"]

1. e4 e5 2. Nf3 Nf6 3. Nxe5 d6 4. Nf3 Nxe4 5. Qe2 Qe7 6. Nc3 Nxc3 7. Qxe7+ Bxe7
8. dxc3 Nc6 9. Bf4 Bg4 10. Be2 O-O 11. O-O-O 1/2-1/2

[Event "V Festival Magistrale"]
[Site "Catania ITA"]
[Date "1994.08.14"]
[Round "9"]
[White "Szekely, Peter"]
[Black "Levitt, Jonathan Paul"]
[Result "1/2-1/2"]
[WhiteElo "2490"]
[BlackElo "2425"]
[PlyCount "26"]
[EventDate "1994.08.06"]

1. Nf3 f5 2. g3 Nf6 3. Bg2 d6 4. d4 g6 5. O-O Bg7 6. Nbd2 O-O 7. Re1 Ne4 8.
Nxe4 fxe4 9. Ng5 d5 10. f3 h6 11. Nh3 exf3 12. exf3 Nc6 13. c3 Kh7 1/2-1/2

[Event "V Festival Magistrale"]
[Site "Catania ITA"]
[Date "1994.08.14"]
[Round "9"]
[White "Urday Caceres, Henry"]
[Black "Zichichi, Alvise"]
[Result "1-0"]
[WhiteElo "2470"]
[BlackElo "2295"]
[PlyCount "103"]
[EventDate "1994.08.06"]

1. c4 Nf6 2. Nc3 c6 3. e4 d5 4. exd5 cxd5 5. d4 g6 6. cxd5 Bg7 7. Bc4 O-O 8.
Nge2 Nbd7 9. Bb3 Nb6 10. Nf4 Bg4 11. Qd3 Ne8 12. Be3 Nd6 13. O-O Rc8 14. h3 Bd7
15. Qe2 a6 16. Rfd1 Bb5 17. Nxb5 Nxb5 18. a4 Nc7 19. Qf3 Qd6 20. a5 Nd7 21. Nd3
Nb5 22. Ra4 Qb8 23. Rb4 Qc7 24. Ra1 b6 25. axb6 Qxb6 26. Ba4 Nf6 27. Nc5 Qa5
28. Rc4 Nc7 29. b4 Qb6 30. Bc6 Rcd8 31. Na4 Qa7 32. Nc3 Qb6 33. Bf4 Nfe8 34.
Na4 Qa7 35. Be5 Nd6 36. Rcc1 Ncb5 37. Bxg7 Kxg7 38. Nc5 Kg8 39. Rxa6 Qb8 40.
Qd3 Nc7 41. Ra4 Qc8 42. b5 Nf5 43. Qb3 e6 44. dxe6 Nxe6 45. Ra8 Qxa8 46. Bxa8
Nfxd4 47. Qc4 Nxc5 48. Bd5 Nce6 49. Bxe6 Nxe6 50. b6 Rb8 51. Qa6 Rfd8 52. b7
1-0

[Event "VII Corsicoscacchi FIDE"]
[Site "Corsico ITA"]
[Date "1994.??.??"]
[Round "1"]
[White "Cazzaniga, Walter"]
[Black "Cappello, Guido"]
[Result "1-0"]
[WhiteElo "2160"]
[BlackElo "2270"]
[PlyCount "162"]
[EventDate "1994.??.??"]

1. d4 d5 2. c4 c6 3. Nf3 Nf6 4. Nc3 e6 5. cxd5 exd5 6. Bg5 Be7 7. Qc2 O-O 8. e3
Re8 9. Bd3 Ne4 10. Bxe4 dxe4 11. Bxe7 Qxe7 12. Nd2 Bf5 13. O-O Nd7 14. f3 Qg5
15. f4 Qe7 16. b4 Nb6 17. Rab1 Be6 18. Rfe1 f5 19. a4 Qf7 20. a5 Nc4 21. Nxc4
Bxc4 22. Rb2 b5 23. Nb1 g5 24. fxg5 Qh5 25. Nd2 Bd5 26. g3 Qxg5 27. Kh1 Re6 28.
Nf1 Rg6 29. Qf2 Rf8 30. Qf4 Qe7 31. h3 Qg7 32. Rf2 h5 33. Kh2 Qe7 34. Rb1 Kh7
35. Rbb2 Rh6 36. Qh4 Qxh4 37. gxh4 Rhf6 38. Rf4 Rg6 39. Rg2 Rxg2+ 40. Kxg2 Be6
41. Ng3 Kg6 42. Rf2 Bc4 43. Kg1 Rf7 44. Rf4 Be6 45. Ne2 Bc4 46. Ng3 Be6 47. Kh2
Bc4 48. Rf2 Bd3 49. Rf4 Bc4 50. Nh1 Be2 51. Ng3 Bc4 52. Kg2 Bd3 53. Kf2 Bc4 54.
Ke1 Bd3 55. Kd2 Bc4 56. Rf2 Rf6 57. Rg2 Kh6 58. Ne2 Bxe2 59. Kxe2 f4 60. Rg5
f3+ 61. Kf2 Rg6 62. Re5 Rg2+ 63. Kf1 Rb2 64. Rxe4 Rxb4 65. Re6+ Kg7 66. Rxc6
Rc4 67. d5 Kf8 68. Ra6 Rc7 69. Rf6+ Rf7 70. Rc6 Rb7 71. a6 Rg7 72. e4 Re7 73.
d6 Rd7 74. e5 Kf7 75. Rc7 Ke6 76. Kf2 b4 77. Rb7 b3 78. Kxf3 b2 79. Rxb2 Kxe5
80. Rb5+ Kxd6 81. Rxh5 Rg7 1-0

[Event "VII Corsicoscacchi FIDE"]
[Site "Corsico ITA"]
[Date "1994.??.??"]
[Round "1"]
[White "Contini, Luca"]
[Black "Caruso, Daniele"]
[Result "1-0"]
[WhiteElo "2320"]
[BlackElo "2027"]
[PlyCount "59"]
[EventDate "1994.??.??"]

1. d4 Nf6 2. c4 g6 3. f3 Bg7 4. e4 d6 5. Be3 O-O 6. Qd2 e5 7. d5 Nh5 8. Bd3 f5
9. Ne2 f4 10. Bf2 Nd7 11. Na3 c6 12. O-O-O Rf7 13. dxc6 bxc6 14. Bc2 Bf8 15. c5
Rg7 16. Nc4 Ba6 17. Bb3 Bxc4 18. Bxc4+ Kh8 19. cxd6 Nhf6 20. g3 fxg3 21. hxg3
Ne8 22. Be3 Nb6 23. Bb3 Qxd6 24. Qc2 Qf6 25. f4 c5 26. fxe5 Qxe5 27. Nf4 Nd6
28. Rxh7+ Rxh7 29. Nxg6+ Kg7 30. Nxe5 1-0